Sports Quiz

Random Sports Quiz

Notable Broncos/Chiefs Figures Quiz Stats

 Plays Quiz not verified by Sporcle

Score 0/16 Timer 07:00
0 Plays Today
Question Answer % Correct
No NFL player has thrown more career TD passes versus KC than this man.John Elway
98.4%
Who scored Denver's only 2 touchdowns in their Wild Card victory at KC in the 1997 Playoffs?Terrell Davis
86.8%
What was the name of the Chiefs' running back, aka The Nigerian Nightmare?Christian Okoye
77.4%
During a MNF game in 1990, this Broncos safety made a legendary hit on KC's running back.Steve Atwater
76.3%
This Chief scored 5 TDs against Denver from 2002-2005: three receiving, one PR and one KR.Dante Hall
71.1%
This Broncos RB rushed for 5 touchdowns against KC in 2003.Clinton Portis
68.9%
Which Bronco had 12 career receiving TDs against KC, tied for the most ever with Antonio Gates?Shannon Sharpe
66.3%
This HOF quarterback had 37 TD passes vs. Denver over his career - 2nd most of all QBs.Len Dawson
64.7%
Question Answer % Correct
This HOF running back scored 18 TDs against Denver during his time with the Chiefs and Raiders. Only LaDanian Tomlinson has scored more against Denver (22).Marcus Allen
64.7%
Which legendary Chiefs defender won two SB rings with the Broncos?Neil Smith
64.2%
Shannon Sharpe taunted this Chiefs HOFer into a MNF personal-foul meltdown.Derrick Thomas
58.4%
This coach lost three playoff games to John Elway's Broncos by a total of 12 points.Marty Schottenheimer
51.1%
This WR 'retired' from the Broncos only to sign with the Chiefs weeks later in 2001.Eddie Kennison
42.6%
Denver made this ex-Chiefs CB the highest-paid defensive back in the NFL after the 1998 season.Dale Carter
32.1%
This Ring of Famer scored 2 punt-return TDs against the Chiefs during his career.Rick Upchurch
32.1%
Montana's Chiefs beat Elway's Broncos on MNF in a 1994 game that's been replayed incessantly ever since. Who caught the winning TD pass for KC?Willie Davis
13.7%

You're not logged in!

Compare scores with friends on all Sporcle quizzes.
OR
Log In

Show Comments

Extras

Top Quizzes Today


Score Distribution

Your Account Isn't Verified!

In order to create a playlist on Sporcle, you need to verify the email address you used during registration. Go to your Sporcle Settings to finish the process.

Report this User

Report this user for behavior that violates our Community Guidelines.

Details: